000 00435nam a22001457a 4500
005 20260303143417.0
008 260303b |||||||| |||| 00| 0 eng d
020 _a978-9914-55-230-0
100 _aHUHO, JULIUS
245 _aEXCELLING GEOGRAPHY: LEARNER'S BOOK, GRADE 10
260 _aNAIROBI
_bKENYA LITERATURE BUREAU
_c2025
300 _aIV, 300P.
650 _aGEOGRAPHY-TEXTBOOK-STUDY AND TEACHING (SECONDARY)
942 _2lcc
_cBK
999 _c216770
_d216770